000 00360pab a2200157 454500
008 180718b1996 xxu||||| |||| 00| 0 eng d
100 _aJoshi, G.P.
245 _aSectarian virus in the police force
260 _c1996
300 _ap.11
362 _a12 Nov
650 _aPolice - India
650 _aPolice
773 _aHindustan Times
909 _a33670
999 _c33670
_d33670